[Event "EYCC 2024 - G18"]
[Site "?"]
[Date "2024.08.29"]
[Round "7.10"]
[White "Blokhin, Sofia"]
[Black "Akat, Elifnaz"]
[Result "1/2-1/2"]
[BlackElo "1888"]
[WhiteElo "2052"]
[LiveChessVersion "1.4.8"]

1. e4 {[%clk 1:30:57]} c5 {[%clk 1:30:52]} 2. Nf3 {[%clk 1:31:23]} Nc6
{[%clk 1:31:18]} 3. d4 {[%clk 1:31:48]} cxd4 {[%clk 1:31:43]} 4. Nxd4
{[%clk 1:32:14]} Nf6 {[%clk 1:31:41]} 5. Nc3 {[%clk 1:32:22]} e5 {[%clk 1:31:22]}
6. Ndb5 {[%clk 1:32:24]} d6 {[%clk 1:31:28]} 7. Nd5 {[%clk 1:32:40]} Nxd5
{[%clk 1:31:34]} 8. exd5 {[%clk 1:33:04]} Nb8 {[%clk 1:32:02]} 9. c4
{[%clk 1:33:14]} a6 {[%clk 1:31:39]} 10. Nc3 {[%clk 1:33:35]} Be7
{[%clk 1:29:02]} 11. Bd3 {[%clk 1:33:30]} Nd7 {[%clk 1:26:09]} 12. O-O
{[%clk 1:31:49]} Nc5 {[%clk 1:22:13]} 13. Be2 {[%clk 1:22:09]} Bf5
{[%clk 1:20:21]} 14. Be3 {[%clk 1:18:26]} Nd7 {[%clk 1:19:46]} 15. f3
{[%clk 1:15:56]} O-O {[%clk 1:18:53]} 16. Qd2 {[%clk 1:09:38]} Bg6
{[%clk 1:15:44]} 17. b4 {[%clk 1:07:12]} f5 {[%clk 1:11:18]} 18. c5
{[%clk 1:00:09]} f4 {[%clk 1:09:18]} 19. Bf2 {[%clk 1:00:03]} dxc5
{[%clk 0:59:37]} 20. d6 {[%clk 0:59:52]} Bh4 {[%clk 0:58:40]} 21. Bc4+
{[%clk 0:33:05]} Kh8 {[%clk 0:58:16]} 22. Bxc5 {[%clk 0:27:00]} Nxc5
{[%clk 0:57:27]} 23. bxc5 {[%clk 0:27:24]} Rc8 {[%clk 0:56:11]} 24. Bd3
{[%clk 0:20:56]} Qa5 {[%clk 0:40:32]} 25. Bxg6 {[%clk 0:18:59]} Qxc5+
{[%clk 0:40:17]} 26. Kh1 {[%clk 0:19:24]} Qxc3 {[%clk 0:34:35]} 27. Qxc3
{[%clk 0:19:49]} Rxc3 {[%clk 0:35:03]} 28. Be4 {[%clk 0:20:12]} b5
{[%clk 0:32:08]} 29. a4 {[%clk 0:17:19]} b4 {[%clk 0:31:48]} 30. a5
{[%clk 0:17:44]} Rd8 {[%clk 0:32:05]} 31. Rfd1 {[%clk 0:17:53]} Bf2 32. Bb7
{[%clk 0:17:30]} Bd4 {[%clk 0:29:35]} 33. Bxa6 {[%clk 0:12:55]} Rxd6
{[%clk 0:27:58]} 34. Bf1 {[%clk 0:13:18]} Ra3 {[%clk 0:25:03]} 35. Rab1
{[%clk 0:10:59]} Rxa5 {[%clk 0:17:41]} 36. Rxb4 {[%clk 0:11:12]} g6
{[%clk 0:17:59]} 37. g3 {[%clk 0:07:33]} fxg3 {[%clk 0:18:07]} 38. hxg3
{[%clk 0:07:57]} Rf6 {[%clk 0:18:27]} 39. f4 {[%clk 0:06:52]} Ra3
{[%clk 0:16:23]} 40. fxe5 {[%clk 0:01:41]} Bxe5 {[%clk 0:16:31]} 41. Rd8+
{[%clk 0:01:02]} Kg7 {[%clk 0:16:59]} 42. Rd7+ {[%clk 0:01:20]} Kh6
{[%clk 0:15:33]} 43. Rh4+ {[%clk 0:00:47]} Kg5 {[%clk 0:16:03]} 44. Be2
{[%clk 0:00:53]} Rxg3 {[%clk 0:16:09]} 45. Rhxh7 {[%clk 0:00:56]} Rf2
{[%clk 0:16:04]} 46. Bc4 {[%clk 0:00:41]} Re3 {[%clk 0:15:32]} 47. Rd1
{[%clk 0:00:47]} Rc2 {[%clk 0:15:08]} 48. Bd3 {[%clk 0:00:45]} Rc3
{[%clk 0:15:31]} 49. Rg1+ {[%clk 0:00:41]} Bg3 {[%clk 0:15:59]} 50. Bb1
{[%clk 0:00:52]} 1/2-1/2

[Event "EYCC 2024 - G18"]
[Site "?"]
[Date "2024.08.29"]
[Round "7.11"]
[White "Mihaljevic, Eva"]
[Black "Keskin, Elif"]
[Result "1/2-1/2"]
[BlackElo "1790"]
[WhiteElo "2058"]
[LiveChessVersion "1.4.8"]

1. e4 {[%clk 1:30:57]} d5 {[%clk 1:30:55]} 2. exd5 {[%clk 1:31:08]} Qxd5
{[%clk 1:31:23]} 3. Nc3 {[%clk 1:31:00]} Qa5 {[%clk 1:31:42]} 4. d4
{[%clk 1:30:58]} Nf6 {[%clk 1:31:32]} 5. h3 {[%clk 1:27:28]} c6 {[%clk 1:27:58]}
6. Nf3 {[%clk 1:26:16]} Bf5 {[%clk 1:24:48]} 7. Bc4 {[%clk 1:24:09]} e6
{[%clk 1:21:42]} 8. O-O {[%clk 1:24:16]} Be7 {[%clk 1:20:12]} 9. Ne5
{[%clk 1:21:25]} Nbd7 {[%clk 1:13:35]} 10. Bf4 {[%clk 1:17:43]} Nxe5
{[%clk 1:09:00]} 11. Bxe5 {[%clk 1:15:42]} O-O {[%clk 1:07:59]} 12. a3
{[%clk 1:13:09]} Nd5 {[%clk 1:04:40]} 13. Ne2 {[%clk 1:11:09]} Qd8
{[%clk 0:57:08]} 14. Bd3 {[%clk 1:05:20]} Bxd3 {[%clk 0:55:46]} 15. Qxd3
{[%clk 1:05:47]} Bf6 {[%clk 0:52:37]} 16. Rad1 {[%clk 1:02:43]} Bxe5
{[%clk 0:48:37]} 17. dxe5 {[%clk 1:01:20]} Qe7 {[%clk 0:47:38]} 18. Ng3
{[%clk 0:59:24]} Rad8 {[%clk 0:45:25]} 19. Ne4 {[%clk 0:51:08]} Nb6
{[%clk 0:31:05]} 20. Qb3 {[%clk 0:48:51]} Rd5 {[%clk 0:25:30]} 21. Qg3
{[%clk 0:46:35]} Rxd1 {[%clk 0:23:06]} 22. Rxd1 {[%clk 0:46:56]} Rd8
{[%clk 0:22:59]} 23. Rxd8+ {[%clk 0:34:49]} Qxd8 {[%clk 0:23:26]} 24. Nd6
{[%clk 0:34:48]} Qd7 {[%clk 0:13:02]} 25. h4 {[%clk 0:27:02]} Nc8
{[%clk 0:12:07]} 26. Nxc8 {[%clk 0:20:29]} Qxc8 {[%clk 0:12:34]} 27. Qe3
{[%clk 0:20:12]} b6 {[%clk 0:12:15]} 1/2-1/2

[Event "EYCC 2024 - G18"]
[Site "?"]
[Date "2024.08.29"]
[Round "7.12"]
[White "Deladerriere, Calypso"]
[Black "Karaivanova, Petya"]
[Result "1-0"]
[BlackElo "1969"]
[WhiteElo "2044"]
[LiveChessVersion "1.4.8"]

1. e4 {[%clk 1:30:53]} e5 {[%clk 1:30:56]} 2. Nf3 {[%clk 1:31:13]} Nc6
{[%clk 1:31:22]} 3. Bc4 {[%clk 1:31:32]} Nf6 {[%clk 1:31:46]} 4. Ng5
{[%clk 1:31:48]} d5 {[%clk 1:32:11]} 5. exd5 {[%clk 1:32:08]} Na5
{[%clk 1:32:37]} 6. Bb5+ {[%clk 1:32:21]} c6 {[%clk 1:33:03]} 7. dxc6
{[%clk 1:32:41]} bxc6 {[%clk 1:33:30]} 8. Bd3 {[%clk 1:32:46]} Nd5
{[%clk 1:31:38]} 9. h4 {[%clk 1:32:38]} Nf4 {[%clk 1:26:42]} 10. Bf1
{[%clk 1:32:14]} h6 {[%clk 1:25:44]} 11. Nf3 {[%clk 1:32:28]} e4 {[%clk 1:25:36]}
12. d3 {[%clk 1:32:41]} Nxd3+ {[%clk 1:20:46]} 13. Bxd3 {[%clk 1:31:49]} exd3
{[%clk 1:21:04]} 14. Qxd3 {[%clk 1:31:33]} Qxd3 {[%clk 1:17:46]} 15. cxd3
{[%clk 1:31:55]} Ba6 {[%clk 1:18:13]} 16. Bd2 {[%clk 1:30:27]} Nb7
{[%clk 1:18:26]} 17. d4 {[%clk 1:27:38]} Bd6 {[%clk 1:12:46]} 18. Nc3
{[%clk 1:26:30]} O-O {[%clk 1:06:14]} 19. O-O-O {[%clk 1:25:31]} Bc7
{[%clk 1:00:53]} 20. Rhe1 {[%clk 1:22:10]} Na5 {[%clk 0:56:38]} 21. Ne4
{[%clk 1:12:52]} Bc4 {[%clk 0:49:59]} 22. Kb1 {[%clk 1:02:40]} Rfe8
{[%clk 0:43:25]} 23. Nc3 {[%clk 0:56:02]} Be6 {[%clk 0:42:29]} 24. b3
{[%clk 0:53:38]} Rab8 {[%clk 0:42:39]} 25. Bc1 {[%clk 0:49:57]} Nc4
{[%clk 0:35:46]} 26. d5 {[%clk 0:40:51]} Bf5+ {[%clk 0:30:46]} 27. Ka1
{[%clk 0:41:06]} Rxe1 {[%clk 0:30:39]} 28. Nxe1 {[%clk 0:38:11]} Be5
{[%clk 0:29:11]} 29. Bb2 {[%clk 0:38:06]} Nxb2 {[%clk 0:28:05]} 30. Kxb2
{[%clk 0:38:22]} Rd8 {[%clk 0:27:14]} 31. Nf3 {[%clk 0:23:05]} Rxd5
{[%clk 0:20:31]} 32. Rxd5 {[%clk 0:20:12]} Bxc3+ {[%clk 0:20:55]} 33. Kxc3
{[%clk 0:20:37]} cxd5 {[%clk 0:21:22]} 34. Nd4 {[%clk 0:20:15]} Bb1
{[%clk 0:19:36]} 35. a4 {[%clk 0:16:34]} a6 {[%clk 0:10:14]} 36. b4
{[%clk 0:16:49]} Kf8 {[%clk 0:10:26]} 37. b5 {[%clk 0:13:26]} axb5
{[%clk 0:10:50]} 38. a5 {[%clk 0:13:04]} b4+ {[%clk 0:11:13]} 39. Kxb4
{[%clk 0:13:30]} Bd3 {[%clk 0:11:38]} 40. Kc5 {[%clk 0:12:43]} Ke8
{[%clk 0:06:41]} 41. Kb6 {[%clk 0:11:16]} Kd7 {[%clk 0:06:50]} 42. a6
{[%clk 0:11:34]} Bxa6 {[%clk 0:07:00]} 43. Kxa6 {[%clk 0:12:00]} g6
{[%clk 0:06:38]} 44. Kb5 {[%clk 0:10:43]} Kd6 {[%clk 0:06:53]} 45. Kb4
{[%clk 0:10:44]} Ke5 {[%clk 0:05:34]} 46. Nf3+ {[%clk 0:08:46]} Ke4
{[%clk 0:06:02]} 47. Kc3 {[%clk 0:10:56]} f6 {[%clk 0:06:26]} 48. Nd2+
{[%clk 0:10:32]} Ke5 {[%clk 0:06:08]} 49. Kd3 {[%clk 0:10:47]} g5
{[%clk 0:05:33]} 50. hxg5 {[%clk 0:10:10]} fxg5 {[%clk 0:05:44]} 51. Nf3+
{[%clk 0:08:55]} Kf4 {[%clk 0:04:22]} 52. Kd4 {[%clk 0:08:59]} g4
{[%clk 0:03:20]} 53. Ng1 {[%clk 0:09:11]} h5 {[%clk 0:03:14]} 54. g3+
{[%clk 0:04:41]} Kg5 {[%clk 0:03:25]} 55. Kxd5 {[%clk 0:04:46]} h4
{[%clk 0:03:23]} 56. gxh4+ {[%clk 0:05:07]} Kxh4 {[%clk 0:02:49]} 57. Ne2
{[%clk 0:04:29]} Kh3 {[%clk 0:02:39]} 58. Ke4 {[%clk 0:04:47]} Kg2
{[%clk 0:02:03]} 59. Ke3 {[%clk 0:05:11]} Kh2 {[%clk 0:02:30]} 60. Ng3
{[%clk 0:05:23]} Kg2 {[%clk 0:01:52]} 61. Ne4 {[%clk 0:05:31]} Kh2
{[%clk 0:02:07]} 62. Kf4 {[%clk 0:05:24]} Kh3 {[%clk 0:02:33]} 63. Kg5
{[%clk 0:05:37]} 1-0